The noble scholar, jurist, historian


 His Excellency Dr. Abdul Wahhab bin Ibrahim Abu Sulaiman, may Allah have mercy on him.


 He was born in Umm Al-Qura in the year 1356 AH.

التلقين وأثره في الرواية عند المحدثين / (Record no. 12170)

MARC details
000 -LEADER
fixed length control field 01445caa a2200289 ib4500
003 - CONTROL NUMBER IDENTIFIER
control field SA-RiAUC
005 - DATE AND TIME OF LATEST TRANSACTION
control field 20250929064828.0
008 - FIXED-LENGTH DATA ELEMENTS--GENERAL INFORMATION
fixed length control field 250929s1998 su g b f000f0 ara c
040 ## - CATALOGING SOURCE
Original cataloging agency SA-RiKSU
Language of cataloging ara
Transcribing agency SA-RiAUC
Description conventions rda
041 1# - LANGUAGE CODE
Language code of text/sound track or separate title ara
Language code of summary or abstract ara
082 04 - DEWEY DECIMAL CLASSIFICATION NUMBER
Classification number 233
090 ## - LOCALLY ASSIGNED LC-TYPE CALL NUMBER (OCLC); LOCAL CALL NUMBER (RLIN)
Classification number (OCLC) (R) ; Classification number, CALL (RLIN) (NR) 233
Local cutter number (OCLC) ; Book number/undivided call number, CALL (RLIN) ب ن ج
100 1# - MAIN ENTRY--PERSONAL NAME
Personal name البنجابي، محمد بن عبد الكريم بن عبيد،
Dates associated with a name 1380 هجري-
Relator term مؤلف.
245 12 - TITLE STATEMENT
Title التلقين وأثره في الرواية عند المحدثين /
Statement of responsibility, etc. محمد بن عبد الكريم بن عبيد.
300 ## - PHYSICAL DESCRIPTION
Extent 74 صفحة،
Dimensions 24 سم
336 ## - CONTENT TYPE
Content type term نص
Content type code txt
Source rdacontent
Materials specified مقالة
337 ## - MEDIA TYPE
Media type term بدون وسيط
Media type code n
Source rdamedia
338 ## - CARRIER TYPE
Carrier type term مجلد
Carrier type code nc
Source rdacarrier
500 ## - GENERAL NOTE
General note يشتمل على ملخ صفحة
500 ## - GENERAL NOTE
General note اهداء من المؤلف
504 ## - BIBLIOGRAPHY, ETC. NOTE
Bibliography, etc. note يشتمل على ببليوجرافية.
580 ## - LINKING ENTRY COMPLEXITY NOTE
Linking entry complexity note في : مجلة جامعة أم القرى للبحوث العلمية المحكمة : الشريعة والدراسات الإسلامية.
650 #7 - SUBJECT ADDED ENTRY--TOPICAL TERM
Topical term or geographic name entry element الحديث
General subdivision رواية
Form subdivision مقالات ومحاضرات
Source of heading or term aucsh
773 0# - HOST ITEM ENTRY
Title مجلة جامعة أم القرى للبحوث العلمية المحكمة : الشريعة والدراسات الإسلامية / جامعة أم القرى.
Record control number AUC_OC_122702876
Related parts سنة 11، عدد 18، جزء 1 (1419 هجري = 1998)، صفحة 17-82
942 ## - ADDED ENTRY ELEMENTS (KOHA)
Source of classification or shelving scheme Dewey Decimal Classification
Koha item type Books
949 ## - LOCAL PROCESSING INFORMATION (OCLC)
a SA-JeALM
d 250929
u khaled123
n 1
Holdings
Withdrawn status Lost status Source of classification or shelving scheme Damaged status Not for loan Collection Home library Current library Date acquired Total checkouts Full call number Barcode Date last seen Price effective from Koha item type
    Dewey Decimal Classification     اهداء DR AbdElwahab Library DR AbdElwahab Library 09/29/2025   233 ب ن ج 000019544 09/29/2025 09/29/2025 Books
    Dewey Decimal Classification     اهداء DR AbdElwahab Library DR AbdElwahab Library 09/29/2025   233 ب ن ج 000019545 09/29/2025 09/29/2025 Books